Vonka a vonku

Bibliographic Details
Main Author: Jóna, Eugen, 1909-2004 (Author)
Format: Article
Language:Slovak
Subjects:

MARC

LEADER 00000nab a2200000 a 4500
001 vtls009176612
003 SK-MaSNL
005 20260303191045.0
008 140513c1964 xo |r|p|||||||000 b|slo
015 |a SNBRB2008/01  |2 snkbucl 
038 |a SNKBUCL 
040 |a SNKBUCL  |b slo  |c SNKBUCL  |e AACR2 
041 0 |a slo 
044 |a xo  |c SK 
080 |a 811.162.4`367.624  |2 2001 
080 |a 81`367.624:811.162.4  |2 2001 
080 |a 81`37:811.162.4  |2 2001 
080 |a 811.162.4`37  |2 2001 
100 1 |a Jóna, Eugen,  |d 1909-2004  |4 aut  |9 101165 
245 1 0 |a Vonka a vonku  |c E. Jóna 
500 |a V rubrike Rozličnosti 
650 0 7 |a slovenčina  |2 snkbucl  |9 1350 
650 0 7 |a príslovky  |2 snkbucl  |9 1326 
650 0 7 |a sémantika  |2 snkbucl  |9 22710 
773 0 |t Slovenská reč  |g Roč. 29, č. 2 (1964), s. 119-121 
852 |a SNK  |b KIS3GCP 
958 |a SK 
999 |c 2139288  |d 2141218